[Event "PMPJ 2022- D17"]
[Site "Jastrzebia Gora"]
[Date "2022.11.07"]
[Round "2.5"]
[White "Pietrzak, Emilia"]
[Black "Czerwinska, Oliwia"]
[Result "1-0"]
[BlackElo "1392"]
[WhiteElo "1386"]
[LiveChessVersion "1.4.8"]

1. e4 {[%clk 1:28:08]} e5 {[%clk 1:30:53]} 2. Nf3 {[%clk 1:28:36]} Nc6
{[%clk 1:31:12]} 3. Nc3 {[%clk 1:29:03]} Nf6 {[%clk 1:30:44]} 4. Bb5
{[%clk 1:29:26]} Bb4 {[%clk 1:27:53]} 5. d3 {[%clk 1:28:38]} d6 {[%clk 1:28:03]}
6. O-O {[%clk 1:28:31]} Bg4 {[%clk 1:28:06]} 7. Nd5 {[%clk 1:18:33]} Ba5
{[%clk 1:27:12]} 8. h3 {[%clk 1:16:44]} Bh5 {[%clk 1:25:23]} 9. Bg5
{[%clk 1:09:54]} a6 {[%clk 1:21:21]} 10. Ba4 {[%clk 1:08:17]} b5 {[%clk 1:21:07]}
11. Bb3 {[%clk 1:07:48]} h6 {[%clk 1:19:05]} 12. Be3 {[%clk 1:02:18]} Rc8
{[%clk 1:09:10]} 13. Kh2 {[%clk 0:50:11]} Nxd5 {[%clk 1:04:04]} 14. Bxd5
{[%clk 0:48:52]} Nb4 {[%clk 1:02:56]} 15. Bb3 {[%clk 0:44:10]} c5
{[%clk 1:02:17]} 16. g4 {[%clk 0:35:11]} Bg6 {[%clk 1:02:15]} 17. Ng1
{[%clk 0:34:16]} Qd7 {[%clk 0:54:56]} 18. c3 {[%clk 0:30:24]} Nc6
{[%clk 0:54:44]} 19. f4 {[%clk 0:28:57]} exf4 {[%clk 0:43:17]} 20. Bxf4
{[%clk 0:29:02]} Bd8 {[%clk 0:37:33]} 21. Nf3 {[%clk 0:27:32]} f6
{[%clk 0:32:54]} 22. Nh4 {[%clk 0:23:34]} Bh7 {[%clk 0:31:26]} 23. Nf5
{[%clk 0:22:50]} Bxf5 {[%clk 0:27:19]} 24. exf5 {[%clk 0:23:08]} Rb8
{[%clk 0:26:26]} 25. Re1+ {[%clk 0:21:54]} Be7 {[%clk 0:26:19]} 26. Qf3
{[%clk 0:19:10]} Ne5 {[%clk 0:22:34]} 27. Bxe5 {[%clk 0:17:08]} dxe5
{[%clk 0:21:52]} 28. Bd5 {[%clk 0:16:19]} Rb6 {[%clk 0:18:23]} 29. Be6
{[%clk 0:12:17]} Qc6 {[%clk 0:17:20]} 30. Qe4 {[%clk 0:10:16]} Qxe4
{[%clk 0:14:01]} 31. dxe4 {[%clk 0:10:29]} Rd6 {[%clk 0:13:15]} 32. Red1
{[%clk 0:10:19]} Kd8 {[%clk 0:13:32]} 33. a4 {[%clk 0:09:21]} b4 {[%clk 0:03:23]}
34. Rxd6+ {[%clk 0:07:17]} Bxd6 {[%clk 0:03:47]} 35. cxb4 {[%clk 0:07:40]} cxb4
{[%clk 0:03:52]} 36. Rc1 {[%clk 0:07:52]} Ke7 {[%clk 0:03:27]} 37. Rc6
{[%clk 0:04:31]} Ra8 {[%clk 0:03:38]} 38. Bd5 {[%clk 0:03:24]} Ra7
{[%clk 0:00:51]} 39. Kg3 {[%clk 0:02:25]} Bc7 {[%clk 0:00:53]} 40. Re6+
{[%clk 0:02:06]} Kd8 {[%clk 0:00:48]} 41. Bc6 {[%clk 0:01:18]} Bb6
{[%clk 0:01:16]} 42. Bd5 {[%clk 0:00:57]} Kc7 {[%clk 0:01:29]} 43. Rc6+
{[%clk 0:01:13]} Kb7 {[%clk 0:01:57]} 44. Rxf6+ {[%clk 0:01:19]} Kc7
{[%clk 0:02:22]} 45. Rc6+ {[%clk 0:01:42]} Kb7 {[%clk 0:02:42]} 46. Rxh6+
{[%clk 0:02:05]} Kc7 {[%clk 0:03:09]} 47. Rc6+ {[%clk 0:02:28]} Kb7
{[%clk 0:03:36]} 48. Rg6+ {[%clk 0:02:43]} Kc8 {[%clk 0:03:58]} 49. Rxb6
{[%clk 0:03:01]} a5 {[%clk 0:04:20]} 50. Re6 {[%clk 0:03:09]} 1-0

[Event "PMPJ 2022- D17"]
[Site "Jastrzebia Gora"]
[Date "2022.11.07"]
[Round "2.6"]
[White "Sivickis, Kornelia"]
[Black "Bartoszek, Julia"]
[Result "1/2-1/2"]
[BlackElo "1253"]
[WhiteElo "1159"]
[LiveChessVersion "1.4.8"]

1. e4 {[%clk 1:30:59]} e5 {[%clk 1:30:26]} 2. Nf3 {[%clk 1:31:23]} Nc6
{[%clk 1:30:52]} 3. Bc4 {[%clk 1:31:48]} Bc5 {[%clk 1:31:10]} 4. c3
{[%clk 1:32:07]} Nf6 {[%clk 1:30:12]} 5. d4 {[%clk 1:32:17]} exd4
{[%clk 1:29:25]} 6. cxd4 {[%clk 1:32:41]} Bb4+ {[%clk 1:28:13]} 7. Bd2
{[%clk 1:33:03]} Bxd2+ {[%clk 1:27:10]} 8. Nbxd2 {[%clk 1:33:21]} d5
{[%clk 1:25:36]} 9. exd5 {[%clk 1:32:31]} Nxd5 {[%clk 1:25:50]} 10. O-O
{[%clk 1:30:04]} O-O {[%clk 1:23:55]} 11. Bb5 {[%clk 1:25:43]} Qf6
{[%clk 1:15:10]} 12. Bxc6 {[%clk 1:25:17]} Qxc6 {[%clk 1:14:11]} 13. h3
{[%clk 1:22:34]} Bf5 {[%clk 1:11:00]} 14. Rc1 {[%clk 1:16:43]} Qf6
{[%clk 1:04:53]} 15. a3 {[%clk 1:14:24]} Nf4 {[%clk 1:00:52]} 16. b4
{[%clk 1:01:56]} Qg6 {[%clk 0:59:08]} 17. Nh4 {[%clk 0:49:35]} Qg5
{[%clk 0:49:36]} 18. Ndf3 {[%clk 0:46:34]} Nxh3+ {[%clk 0:38:24]} 19. Kh1
{[%clk 0:32:41]} Qh5 {[%clk 0:35:34]} 20. gxh3 {[%clk 0:28:30]} Bxh3
{[%clk 0:34:41]} 21. Rg1 {[%clk 0:26:31]} Bg4 {[%clk 0:34:12]} 22. Rxg4
{[%clk 0:25:58]} Qxg4 {[%clk 0:34:19]} 23. Rxc7 {[%clk 0:25:04]} Qh3+
{[%clk 0:32:32]} 24. Kg1 {[%clk 0:25:27]} Qg4+ {[%clk 0:28:56]} 25. Kh1
{[%clk 0:25:16]} g5 {[%clk 0:27:51]} 26. Ng2 {[%clk 0:25:14]} Qh5+
{[%clk 0:26:26]} 27. Kg1 {[%clk 0:23:25]} Rae8 {[%clk 0:26:21]} 28. Rc5
{[%clk 0:22:59]} h6 {[%clk 0:25:52]} 29. d5 {[%clk 0:22:06]} Rd8 {[%clk 0:24:27]}
30. d6 {[%clk 0:21:24]} Qg6 {[%clk 0:24:02]} 31. d7 {[%clk 0:18:24]} f6
{[%clk 0:21:46]} 32. Rc7 {[%clk 0:13:37]} Qe4 {[%clk 0:20:29]} 33. Ne3
{[%clk 0:10:47]} Kh8 {[%clk 0:14:42]} 34. Qd5 {[%clk 0:06:05]} Qf4
{[%clk 0:12:30]} 35. Qxb7 {[%clk 0:05:15]} g4 {[%clk 0:12:36]} 36. Nh4
{[%clk 0:03:23]} Rg8 {[%clk 0:12:06]} 37. Nef5 {[%clk 0:01:52]} Qe5
{[%clk 0:09:24]} 38. Rc8 {[%clk 0:01:25]} g3 {[%clk 0:08:09]} 39. fxg3
{[%clk 0:01:16]} Qe1+ {[%clk 0:07:53]} 40. Kh2 {[%clk 0:00:42]} Qe2+
{[%clk 0:07:16]} 41. Kg1 {[%clk 0:00:38]} Qd1+ {[%clk 0:07:15]} 42. Kh2
{[%clk 0:00:45]} Qxd7 43. Qxd7 Rxd7 44. Rxg8+ Kxg8 45. Nxh6+ 1/2-1/2

[Event "PMPJ 2022- D17"]
[Site "Jastrzebia Gora"]
[Date "2022.11.07"]
[Round "2.8"]
[White "Lopusiewicz, Marta"]
[Black "Rozumek, Paulina"]
[Result "0-1"]
[BlackElo "1056"]
[WhiteElo "1270"]
[LiveChessVersion "1.4.8"]

1. e4 {[%clk 1:30:57]} c6 {[%clk 1:30:47]} 2. d4 {[%clk 1:31:22]} d5
{[%clk 1:31:08]} 3. e5 {[%clk 1:31:46]} Bf5 {[%clk 1:30:56]} 4. h4
{[%clk 1:32:00]} h6 {[%clk 1:30:42]} 5. g4 {[%clk 1:32:21]} Bh7 {[%clk 1:30:22]}
6. e6 {[%clk 1:32:02]} fxe6 {[%clk 1:27:47]} 7. Bd3 {[%clk 1:32:10]} Qd6
{[%clk 1:19:55]} 8. Bxh7 {[%clk 1:32:16]} Rxh7 {[%clk 1:20:05]} 9. Qd3
{[%clk 1:31:45]} Nf6 {[%clk 1:18:47]} 10. Qg6+ {[%clk 1:23:25]} Kd7
{[%clk 1:14:54]} 11. Nf3 {[%clk 1:19:37]} c5 {[%clk 1:09:17]} 12. g5
{[%clk 1:00:18]} hxg5 {[%clk 1:05:54]} 13. Ne5+ {[%clk 0:57:56]} Kc7
{[%clk 1:03:17]} 14. Bxg5 {[%clk 0:58:10]} Nbd7 {[%clk 1:01:00]} 15. Nf7
{[%clk 0:53:21]} Qb6 {[%clk 0:59:17]} 16. Bf4+ {[%clk 0:51:53]} Kc8
{[%clk 0:57:13]} 17. b3 {[%clk 0:37:30]} cxd4 {[%clk 0:55:58]} 18. Nd2
{[%clk 0:36:57]} Rh5 {[%clk 0:52:58]} 19. O-O-O {[%clk 0:34:33]} e5
{[%clk 0:50:40]} 20. Bg5 {[%clk 0:23:05]} e6 {[%clk 0:48:18]} 21. Kb2
{[%clk 0:21:50]} a5 {[%clk 0:45:13]} 22. a4 {[%clk 0:21:08]} e4 {[%clk 0:44:41]}
23. Rhe1 {[%clk 0:17:52]} Qb4 {[%clk 0:43:19]} 24. Nb1 {[%clk 0:18:13]} b5
{[%clk 0:43:02]} 25. Bd2 {[%clk 0:13:38]} Qc5 {[%clk 0:42:47]} 26. Ng5
{[%clk 0:08:02]} Ra6 {[%clk 0:40:20]} 27. Rxe4 {[%clk 0:06:09]} Rxg5
{[%clk 0:37:57]} 28. hxg5 {[%clk 0:04:54]} Nxe4 {[%clk 0:36:25]} 29. Qe8+
{[%clk 0:05:17]} Kc7 {[%clk 0:34:59]} 30. Bf4+ {[%clk 0:04:14]} Nd6
{[%clk 0:34:12]} 31. Qg6 {[%clk 0:03:19]} e5 {[%clk 0:31:19]} 32. Bd2
{[%clk 0:02:35]} Nc4+ {[%clk 0:31:11]} 33. bxc4 {[%clk 0:02:48]} Rxg6
{[%clk 0:31:00]} 34. cxb5 {[%clk 0:03:07]} Kb6 {[%clk 0:28:46]} 35. f4
{[%clk 0:02:18]} exf4 {[%clk 0:26:48]} 36. Rf1 {[%clk 0:02:04]} Ne5
{[%clk 0:25:50]} 37. Rxf4 {[%clk 0:02:00]} Nc4+ {[%clk 0:25:51]} 38. Kc1
{[%clk 0:02:00]} Nxd2 {[%clk 0:24:50]} 39. Nxd2 {[%clk 0:02:23]} Rxg5
{[%clk 0:24:39]} 40. Rf1 {[%clk 0:01:37]} d3 {[%clk 0:24:42]} 41. Nb3
{[%clk 0:01:04]} Qxc2# 0-1

[Event "PMPJ 2022- D17"]
[Site "Jastrzebia Gora"]
[Date "2022.11.07"]
[Round "3.1"]
[White "Gornisiewicz, Natalia"]
[Black "Labedz, Gabriela"]
[Result "1-0"]
[BlackElo "1365"]
[WhiteElo "1384"]
[LiveChessVersion "1.4.8"]

1. Nf3 {[%clk 1:30:56]} d6 {[%clk 1:30:55]} 2. g3 {[%clk 1:31:12]} e5
{[%clk 1:31:11]} 3. d3 {[%clk 1:31:30]} f5 {[%clk 1:31:10]} 4. c4
{[%clk 1:29:43]} Be7 {[%clk 1:31:01]} 5. Nc3 {[%clk 1:29:54]} Nf6
{[%clk 1:31:00]} 6. Bg2 {[%clk 1:29:30]} O-O {[%clk 1:30:58]} 7. O-O
{[%clk 1:29:22]} Qe8 {[%clk 1:28:42]} 8. e3 {[%clk 1:25:44]} c6 {[%clk 1:26:32]}
9. Ne1 {[%clk 1:22:30]} Qh5 {[%clk 1:16:37]} 10. Qxh5 {[%clk 1:20:31]} Nxh5
{[%clk 1:17:01]} 11. f4 {[%clk 1:19:34]} a5 {[%clk 1:12:24]} 12. Nc2
{[%clk 1:17:16]} Na6 {[%clk 1:09:34]} 13. b3 {[%clk 1:14:38]} g6 {[%clk 1:01:08]}
14. Ba3 {[%clk 1:12:00]} exf4 {[%clk 0:58:01]} 15. exf4 {[%clk 1:12:15]} Bf6
{[%clk 0:56:51]} 16. Bb2 {[%clk 1:11:17]} Ng7 {[%clk 0:52:00]} 17. Na4
{[%clk 1:09:19]} Ne6 {[%clk 0:48:46]} 18. Bxf6 {[%clk 1:07:40]} Rxf6
{[%clk 0:49:06]} 19. d4 {[%clk 1:07:02]} Rb8 {[%clk 0:45:50]} 20. d5
{[%clk 1:06:12]} Nd8 {[%clk 0:43:43]} 21. Rfe1 {[%clk 1:05:43]} Kg7
{[%clk 0:39:24]} 22. Re7+ {[%clk 1:03:49]} Rf7 {[%clk 0:39:09]} 23. Rae1
{[%clk 1:02:53]} Nc5 {[%clk 0:33:55]} 24. Nb6 {[%clk 0:59:00]} Nd7
{[%clk 0:32:49]} 25. Nxc8 {[%clk 0:57:02]} Rxc8 {[%clk 0:33:03]} 26. Nd4
{[%clk 0:56:42]} Nf6 {[%clk 0:30:59]} 27. Ne6+ {[%clk 0:52:18]} Nxe6
{[%clk 0:29:05]} 28. R7xe6 {[%clk 0:52:01]} cxd5 {[%clk 0:27:44]} 29. Bxd5
{[%clk 0:52:11]} Nxd5 {[%clk 0:27:40]} 30. cxd5 {[%clk 0:52:33]} Rd8
{[%clk 0:27:23]} 31. Kf2 {[%clk 0:51:36]} Kf8 {[%clk 0:24:01]} 32. Ke3
{[%clk 0:50:49]} b5 {[%clk 0:18:20]} 33. Kd3 {[%clk 0:50:03]} Kg7
{[%clk 0:16:12]} 34. Rc1 {[%clk 0:49:50]} Rf6 {[%clk 0:12:23]} 35. Re7+
{[%clk 0:49:33]} Rf7 {[%clk 0:11:56]} 36. Rcc7 {[%clk 0:49:53]} Rdf8
{[%clk 0:11:00]} 37. Red7 {[%clk 0:49:34]} Kf6 {[%clk 0:08:48]} 38. Rxf7+
{[%clk 0:47:35]} Rxf7 {[%clk 0:09:07]} 39. Rxf7+ {[%clk 0:47:59]} Kxf7
{[%clk 0:09:32]} 40. a4 {[%clk 0:48:23]} Ke7 {[%clk 0:08:20]} 41. axb5
{[%clk 0:47:56]} Kd7 {[%clk 0:08:35]} 42. b6 {[%clk 0:48:18]} Kc8
{[%clk 0:08:50]} 43. Kc4 {[%clk 0:48:42]} Kb7 {[%clk 0:09:05]} 44. Kb5
{[%clk 0:49:06]} h6 {[%clk 0:08:46]} 45. h4 {[%clk 0:49:19]} g5 {[%clk 0:06:03]}
46. hxg5 {[%clk 0:49:37]} hxg5 {[%clk 0:06:27]} 47. fxg5 {[%clk 0:50:01]} f4
{[%clk 0:06:42]} 48. gxf4 {[%clk 0:50:26]} 1-0

[Event "PMPJ 2022- D17"]
[Site "Jastrzebia Gora"]
[Date "2022.11.07"]
[Round "3.2"]
[White "Pietrzak, Emilia"]
[Black "Bychowska, Marta"]
[Result "1-0"]
[BlackElo "1481"]
[WhiteElo "1386"]
[LiveChessVersion "1.4.8"]

1. e4 {[%clk 1:29:35]} d5 {[%clk 1:30:55]} 2. exd5 {[%clk 1:30:03]} Qxd5
{[%clk 1:31:19]} 3. Nc3 {[%clk 1:30:27]} Qd8 {[%clk 1:31:42]} 4. d4
{[%clk 1:30:44]} Nf6 {[%clk 1:32:06]} 5. Bd3 {[%clk 1:31:04]} c6 {[%clk 1:32:23]}
6. Nge2 {[%clk 1:31:22]} e6 {[%clk 1:32:42]} 7. Bf4 {[%clk 1:31:17]} Bb4
{[%clk 1:32:47]} 8. Qd2 {[%clk 1:29:44]} Nbd7 {[%clk 1:31:59]} 9. O-O-O
{[%clk 1:28:03]} Nd5 {[%clk 1:31:17]} 10. a3 {[%clk 1:22:34]} Nxf4
{[%clk 1:30:03]} 11. Qxf4 {[%clk 1:20:51]} Be7 {[%clk 1:30:02]} 12. Ne4
{[%clk 1:17:09]} O-O {[%clk 1:29:23]} 13. h4 {[%clk 1:15:15]} Nf6
{[%clk 1:26:24]} 14. Nxf6+ {[%clk 1:10:44]} Bxf6 {[%clk 1:26:44]} 15. Qe4
{[%clk 1:10:31]} g6 {[%clk 1:26:44]} 16. h5 {[%clk 1:09:07]} Bg5+
{[%clk 1:23:13]} 17. f4 {[%clk 1:07:59]} f5 {[%clk 1:21:53]} 18. Qf3
{[%clk 1:05:32]} Bf6 {[%clk 1:22:21]} 19. hxg6 {[%clk 1:02:50]} hxg6
{[%clk 1:22:45]} 20. g4 {[%clk 1:00:25]} Bd7 {[%clk 1:17:18]} 21. Qh3
{[%clk 0:54:18]} Qe7 {[%clk 1:14:43]} 22. gxf5 {[%clk 0:53:22]} exf5
{[%clk 1:13:39]} 23. Bc4+ {[%clk 0:53:37]} Be6 {[%clk 1:13:32]} 24. Bxe6+
{[%clk 0:54:02]} 1-0

[Event "PMPJ 2022- D17"]
[Site "Jastrzebia Gora"]
[Date "2022.11.07"]
[Round "3.3"]
[White "Olszewska, Wiktoria"]
[Black "Krzyzosiak, Anna"]
[Result "0-1"]
[BlackElo "1434"]
[WhiteElo "1353"]
[LiveChessVersion "1.4.8"]

1. e4 {[%clk 1:30:58]} c5 {[%clk 1:30:54]} 2. Nf3 {[%clk 1:31:11]} d6
{[%clk 1:31:14]} 3. d4 {[%clk 1:31:24]} cxd4 {[%clk 1:31:34]} 4. Nxd4
{[%clk 1:31:45]} Nf6 {[%clk 1:31:52]} 5. Nc3 {[%clk 1:32:08]} a6 {[%clk 1:32:15]}
6. Bg5 {[%clk 1:32:07]} e6 {[%clk 1:32:24]} 7. f4 {[%clk 1:32:29]} Qc7
{[%clk 1:31:16]} 8. Qf3 {[%clk 1:32:01]} Nc6 {[%clk 1:30:56]} 9. O-O-O
{[%clk 1:27:30]} Be7 {[%clk 1:21:00]} 10. g4 {[%clk 1:17:42]} Nxd4
{[%clk 0:56:16]} 11. Rxd4 {[%clk 1:16:54]} b5 {[%clk 0:53:10]} 12. Bg2
{[%clk 1:03:47]} Bb7 {[%clk 0:48:42]} 13. Rhd1 {[%clk 0:59:23]} Rc8
{[%clk 0:43:55]} 14. R1d2 {[%clk 0:46:43]} e5 {[%clk 0:27:35]} 15. R4d3
{[%clk 0:40:22]} b4 {[%clk 0:23:36]} 16. Bxf6 {[%clk 0:35:09]} Bxf6
{[%clk 0:22:57]} 17. Nd5 {[%clk 0:34:40]} Bxd5 {[%clk 0:23:08]} 18. Rxd5
{[%clk 0:32:55]} exf4 {[%clk 0:21:39]} 19. Rxd6 {[%clk 0:30:38]} Be5
{[%clk 0:13:21]} 20. R6d5 {[%clk 0:23:32]} O-O {[%clk 0:12:27]} 21. Bf1
{[%clk 0:21:15]} Bxb2+ {[%clk 0:10:23]} 22. Kb1 {[%clk 0:18:17]} Bc3
{[%clk 0:10:05]} 23. Rd1 {[%clk 0:15:55]} Bf6 {[%clk 0:03:28]} 24. Bxa6
{[%clk 0:13:24]} Qxc2# {[%clk 0:03:43]} 0-1

[Event "PMPJ 2022- D17"]
[Site "Jastrzebia Gora"]
[Date "2022.11.07"]
[Round "3.4"]
[White "Gaczol, Julia"]
[Black "Bartoszek, Julia"]
[Result "0-1"]
[BlackElo "1253"]
[WhiteElo "1466"]
[LiveChessVersion "1.4.8"]

1. e4 {[%clk 1:30:59]} c5 {[%clk 1:30:53]} 2. Nf3 {[%clk 1:31:24]} d6
{[%clk 1:31:18]} 3. d4 {[%clk 1:31:45]} cxd4 {[%clk 1:31:37]} 4. Nxd4
{[%clk 1:32:10]} Nf6 {[%clk 1:32:00]} 5. f3 {[%clk 1:32:35]} a6 6. c4
{[%clk 1:32:58]} e5 {[%clk 1:30:47]} 7. Nc2 {[%clk 1:32:41]} Be6 {[%clk 1:28:00]}
8. Be3 {[%clk 1:31:02]} Qc7 {[%clk 1:27:01]} 9. b3 {[%clk 1:31:07]} Nc6
{[%clk 1:25:43]} 10. Nc3 {[%clk 1:30:50]} Ne7 {[%clk 1:24:44]} 11. Nd5
{[%clk 1:27:25]} Nexd5 {[%clk 1:24:48]} 12. exd5 {[%clk 1:27:39]} Bf5
{[%clk 1:24:56]} 13. Bd3 {[%clk 1:27:17]} Bg6 {[%clk 1:24:32]} 14. O-O
{[%clk 1:21:12]} Rc8 {[%clk 1:23:39]} 15. Bxg6 {[%clk 1:19:57]} hxg6
{[%clk 1:23:57]} 16. Nb4 {[%clk 1:18:37]} Nd7 {[%clk 1:22:05]} 17. Qe2
{[%clk 1:07:04]} Be7 {[%clk 1:21:09]} 18. a4 {[%clk 1:02:42]} Nc5
{[%clk 1:19:06]} 19. Rfb1 {[%clk 0:58:42]} O-O {[%clk 1:16:35]} 20. a5
{[%clk 0:56:17]} f5 {[%clk 1:10:17]} 21. Nc2 {[%clk 0:52:10]} f4 {[%clk 1:07:26]}
22. Bf2 {[%clk 0:51:04]} Bf6 {[%clk 1:06:10]} 23. Ra2 {[%clk 0:46:18]} Rfe8
{[%clk 1:05:02]} 24. b4 {[%clk 0:46:03]} Nd7 {[%clk 1:05:07]} 25. Na3
{[%clk 0:45:28]} Re7 {[%clk 1:03:00]} 26. Qe4 {[%clk 0:43:35]} g5
{[%clk 1:01:56]} 27. Rd1 {[%clk 0:42:00]} Ree8 {[%clk 1:01:08]} 28. Rc2
{[%clk 0:41:32]} Be7 {[%clk 0:59:49]} 29. Re1 {[%clk 0:38:37]} Nf6
{[%clk 0:57:06]} 30. Qf5 {[%clk 0:37:17]} Qd7 {[%clk 0:54:56]} 31. Qxd7
{[%clk 0:34:10]} Nxd7 {[%clk 0:55:18]} 32. Nb1 {[%clk 0:31:15]} Nf6
{[%clk 0:54:14]} 33. Rec1 {[%clk 0:28:15]} g4 {[%clk 0:52:35]} 34. Nd2
{[%clk 0:28:13]} gxf3 {[%clk 0:52:36]} 35. gxf3 {[%clk 0:27:52]} Kf7
{[%clk 0:51:47]} 36. Ne4 {[%clk 0:24:34]} Nxe4 {[%clk 0:47:46]} 37. fxe4
{[%clk 0:25:01]} Bg5 {[%clk 0:46:10]} 38. Rc3 {[%clk 0:23:43]} Bd8
{[%clk 0:42:55]} 39. Bb6 {[%clk 0:20:34]} Bxb6+ {[%clk 0:41:18]} 40. axb6
{[%clk 0:20:50]} g5 {[%clk 0:36:35]} 41. h3 {[%clk 0:18:11]} Rg8 {[%clk 0:36:31]}
42. c5 {[%clk 0:17:44]} g4 {[%clk 0:32:47]} 43. hxg4 {[%clk 0:16:01]} Rxg4+
{[%clk 0:33:09]} 44. Kf2 {[%clk 0:15:33]} Rcg8 {[%clk 0:32:12]} 45. c6
{[%clk 0:14:53]} Rg2+ {[%clk 0:30:47]} 46. Ke1 {[%clk 0:15:08]} Rb2
{[%clk 0:27:22]} 47. cxb7 {[%clk 0:13:41]} Rg1# {[%clk 0:27:37]} 0-1

[Event "PMPJ 2022- D17"]
[Site "Jastrzebia Gora"]
[Date "2022.11.07"]
[Round "3.5"]
[White "Rozumek, Paulina"]
[Black "Tittor, Weronika"]
[Result "0-1"]
[BlackElo "1335"]
[WhiteElo "1056"]
[LiveChessVersion "1.4.8"]

1. e4 {[%clk 1:30:57]} c5 {[%clk 1:30:39]} 2. Nf3 {[%clk 1:30:30]} g6
{[%clk 1:30:59]} 3. d4 {[%clk 1:29:03]} cxd4 {[%clk 1:31:15]} 4. Nxd4
{[%clk 1:27:22]} Nc6 {[%clk 1:31:30]} 5. Be3 {[%clk 1:25:16]} Nf6
{[%clk 1:30:48]} 6. Nc3 {[%clk 1:24:00]} d5 {[%clk 1:29:55]} 7. Bb5
{[%clk 1:21:40]} Bd7 {[%clk 1:29:34]} 8. Nxd5 {[%clk 1:11:32]} Nxe4
{[%clk 1:26:53]} 9. Qf3 {[%clk 1:09:25]} Nd6 {[%clk 1:26:06]} 10. Ba4
{[%clk 1:07:09]} Bg7 {[%clk 1:25:42]} 11. O-O-O {[%clk 1:06:57]} Ne5
{[%clk 1:21:30]} 12. Bxd7+ {[%clk 1:05:53]} Qxd7 {[%clk 1:21:43]} 13. Qe2
{[%clk 1:04:54]} O-O {[%clk 1:21:26]} 14. f4 {[%clk 1:02:28]} Nec4
{[%clk 1:20:47]} 15. g4 {[%clk 1:01:08]} Nxe3 {[%clk 1:19:50]} 16. Qxe3
{[%clk 1:00:52]} e6 {[%clk 1:18:37]} 17. Nc3 {[%clk 1:00:11]} Nc4
{[%clk 1:18:09]} 18. Qd3 {[%clk 0:57:59]} Qc7 {[%clk 1:17:42]} 19. Qf3
{[%clk 0:48:04]} a5 {[%clk 1:16:37]} 20. a4 {[%clk 0:46:57]} Qc5 {[%clk 1:14:58]}
21. Nb3 {[%clk 0:45:23]} Qb4 {[%clk 1:14:56]} 22. h4 {[%clk 0:44:40]} Bxc3
{[%clk 1:14:52]} 23. Qxc3 {[%clk 0:44:32]} Qxa4 {[%clk 1:15:13]} 24. h5
{[%clk 0:43:34]} Rac8 {[%clk 1:13:41]} 25. h6 {[%clk 0:42:54]} f6
{[%clk 1:13:56]} 26. Qd3 {[%clk 0:37:54]} Qa2 {[%clk 1:14:01]} 27. Qd4
{[%clk 0:29:56]} a4 {[%clk 1:13:44]} 28. Rhe1 {[%clk 0:21:09]} a3
{[%clk 1:13:38]} 29. bxa3 {[%clk 0:20:37]} Nxa3 {[%clk 1:13:51]} 30. c3
{[%clk 0:18:39]} Qc2# {[%clk 1:13:39]} 0-1

[Event "PMPJ 2022- D17"]
[Site "Jastrzebia Gora"]
[Date "2022.11.07"]
[Round "3.6"]
[White "Samol, Julia"]
[Black "Sivickis, Kornelia"]
[Result "1/2-1/2"]
[BlackElo "1159"]
[WhiteElo "1312"]
[LiveChessVersion "1.4.8"]

1. e4 {[%clk 1:30:57]} d5 {[%clk 1:30:56]} 2. exd5 {[%clk 1:31:23]} Qxd5
{[%clk 1:31:20]} 3. Nc3 {[%clk 1:31:48]} Qa5 {[%clk 1:31:46]} 4. d4
{[%clk 1:31:55]} Nf6 {[%clk 1:32:08]} 5. Nf3 {[%clk 1:30:11]} Bg4
{[%clk 1:32:01]} 6. Be2 {[%clk 1:30:08]} e6 {[%clk 1:32:23]} 7. O-O
{[%clk 1:28:49]} Nbd7 {[%clk 1:32:45]} 8. a3 {[%clk 1:26:30]} c6 {[%clk 1:33:06]}
9. Be3 {[%clk 1:23:03]} Qc7 {[%clk 1:33:18]} 10. h3 {[%clk 1:21:53]} Bh5
{[%clk 1:33:38]} 11. Nd2 {[%clk 1:21:03]} Bxe2 {[%clk 1:33:53]} 12. Qxe2
{[%clk 1:21:09]} Bd6 {[%clk 1:34:11]} 13. Nde4 {[%clk 1:19:14]} h6
{[%clk 1:33:30]} 14. Rfd1 {[%clk 1:17:16]} O-O {[%clk 1:32:56]} 15. Qf3
{[%clk 1:15:42]} Kh8 {[%clk 1:31:54]} 16. Nxd6 {[%clk 1:14:41]} Qxd6
{[%clk 1:31:50]} 17. Bf4 {[%clk 1:14:54]} Qe7 {[%clk 1:31:42]} 18. Rd3
{[%clk 1:11:18]} Rfe8 {[%clk 1:31:00]} 19. Re1 {[%clk 0:59:08]} Qd8
{[%clk 1:29:59]} 20. Qd1 {[%clk 0:55:25]} Nb6 {[%clk 1:28:36]} 21. Ne4
{[%clk 0:53:01]} Nxe4 {[%clk 1:27:03]} 22. Rxe4 {[%clk 0:53:24]} Nd5
{[%clk 1:25:46]} 23. Bg3 {[%clk 0:52:56]} Nc7 {[%clk 1:17:06]} 24. Rh4
{[%clk 0:46:20]} Nd5 {[%clk 1:10:05]} 25. Qd2 {[%clk 0:42:29]} Kg8
{[%clk 1:07:30]} 26. Re4 {[%clk 0:33:16]} Qe7 {[%clk 1:05:39]} 27. Be5
{[%clk 0:31:47]} Nf6 {[%clk 1:05:23]} 28. Re1 {[%clk 0:29:24]} Kh8
{[%clk 1:05:32]} 29. Rf3 {[%clk 0:28:37]} Ng8 {[%clk 1:01:19]} 30. Rg3
{[%clk 0:24:31]} Nf6 {[%clk 0:58:52]} 31. Re4 {[%clk 0:22:28]} Kh7
{[%clk 0:53:49]} 32. Rh4 {[%clk 0:20:08]} Rg8 {[%clk 0:50:24]} 33. Qd3+
{[%clk 0:19:18]} g6 {[%clk 0:49:06]} 34. Bxf6 {[%clk 0:14:44]} Qxf6
{[%clk 0:48:48]} 35. Re4 {[%clk 0:14:47]} Rgd8 {[%clk 0:46:46]} 36. Rf3
{[%clk 0:14:44]} Qe7 {[%clk 0:46:09]} 37. Ref4 {[%clk 0:14:38]} Rf8
{[%clk 0:46:12]} 38. Rf6 {[%clk 0:12:21]} Rad8 {[%clk 0:45:04]} 39. Qe3
{[%clk 0:12:11]} Qc7 {[%clk 0:44:05]} 40. h4 {[%clk 0:10:44]} c5 {[%clk 0:43:58]}
41. Qe5 {[%clk 0:09:36]} Qxe5 {[%clk 0:44:07]} 42. dxe5 {[%clk 0:10:02]} Kg7
{[%clk 0:44:24]} 43. Rb3 {[%clk 0:04:30]} 1/2-1/2